| 000 | 05271nam a2200529 a 4500 | ||
|---|---|---|---|
| 005 | 20100807143128.0 | ||
| 010 | _aB-408106-129 | ||
| 020 |
_a9780007341696 _c350.00 |
||
| 035 | _aB-408106-129 | ||
| 037 | _bAakar Books | ||
| 082 | _a153.35 | ||
| 100 |
_aGelb, Michael _98619 |
||
| 245 |
_aThink like Da Vinci : _b7 easy steps to boosting your everyday genius / _cby Michael Gelb |
||
| 260 |
_aLondon _bHarperCollins Publishers _c2009 |
||
| 270 |
_a77-85 Fulham Place Road, Hammersmith _bLondon |
||
| 300 |
_axviii, 318 p. : _bill. _c23 cm(pbk) |
||
| 504 | _aIncludes bibliographical references | ||
| 600 |
_aLeonardo, _cda Vinci, _98620 |
||
| 650 |
_aCreative thinking _98621 |
||
| 650 |
_aCreative thinking _xProblems, exercises, etc. _98622 |
||
| 942 |
_2ddc _cEN _h153.35 _mGEL |
||
| 999 |
_c35204 _d35204 |
||